Statistics for The Vampire Chronicles Franchise

Click here to take the quiz!

General Stats

  • This quiz has been taken 11 times
  • The average score is 14 of 21

Answer Stats

TypeYearNameInfo% Correct
Novel1976Interview with the VampireAnne Rice
100%
Film1994Interview with the VampireWarner Bros.
100%
Novel2003Blood CanticleAnne Rice
88%
Film2002Queen of the DamnedWarner Bros.
88%
Novel1988The Queen of the DamnedAnne Rice
88%
Novel1985The Vampire LestatAnne Rice
88%
Novel2001Blood and GoldAnne Rice
75%
Novel2000MerrickAnne Rice
75%
Novel1992The Tale of the Body ThiefAnne Rice
75%
Novel1998The Vampire ArmandAnne Rice
75%
Novel2002Blackwood FarmAnne Rice
63%
Novel1993LasherAnne Rice
63%
Novel1995Memnoch the DevilAnne Rice
63%
Novel1998PandoraAnne Rice
63%
Novel2014Prince LestatAnne Rice
63%
Novel1994TaltosAnne Rice
50%
Novel1993The Witching HourAnne Rice
50%
Novel1999Vittorio the VampireAnne Rice
50%
Novel2018Blood Communion: A Tale of Prince LestatAnne Rice
38%
Musical2006LestatElton John
38%
Novel2016Prince Lestat and the Realms of AtlantisAnne Rice
25%

Score Distribution

Percentile by Number Answered

Percent of People with Each Score

Your Score History

You have not taken this quiz